1670 1646 1875 1971 1521 1484 1665 1551 1107 1094 1156 1699 1703 1186 1527 1118 1205 1494 1539 1670 1351 1009 1050 1912 1115 1458 1431 1181 1033 1314 1912 1757 1196 1198 1716 1795 1021 1083 1365 1229 1001 1752 1846 1566 1301 1438 1311 1330 1447 1242 1396 1230 1842 1490 1309 1688 1407 1742 1372 1130 1187 1886 1765 1006 1745 1374 1286 1558 1919 1335 1767 1537 1462 1426 1588 1508 1125 1273 1610 1102 1529 1495 1081 1944 1101 1226 1302 1042 1043 1599 1025 1406 1502 1041 1960 1467 1621 1304 1015 BCNSPRNW ULIB Ver.6.0+V

เปลี่ยนเป็นภาษาไทย

Change to English
 แสดงรายละเอียดบรรณานุกรม
  กลับหน้าหลัก

Brief Record : Get Marc (ISO 2709) : E-mail record : QR code < ปิดหน้าต่าง
LEADER : 00000nam 2200000uu 4500
001    13399112136
003     ULIB
008    110727s2551||||th 000 0 tha d
020    9789740318811
050  4 HA62^bส882ก 2551
100 0  สุวิมล ติรกานันท์
245 10 การสร้างเครื่องมือวัดตัวแปรในการวิจัยทางสังคมศาสตร์ :^bแนวทางสู่การปฏิบัติ /^cสุวิมล ติรกานันท์
250    พิมพ์ครั้งที่ 2
260    กรุงเทพฯ :^bภาควิชาการประเมินและการวิจัย คณะศึกษาศาสตร์มหาวิทยาลัยรามคำแหง,^c2551
300    280 หน้า ;^c26 ซม.
650  4 สังคมศาสตร์^xวิจัย
710 2  มหาวิทยาลัยรามคำแหง. ^bคณะศึกษาศาสตร์.^bภาควิชาการประเมินและการวิจัย
945    ^p240^l0^i026877
945    ^p240^l0^i026878
995    ทศพร
999 ^a ทศพร
รายการนี้ยังไม่มีแท็ก
คุณยังไม่ได้ล็อกอิน คุณสามารถมีกิจกรรมร่วมกับเว็บไซต์ได้ แต่ต้องล็อกอินก่อน ::
  ล็อกอิน

รายการสื่อสารสนเทศ

ลำดับที่ ประเภท เลขเรียก/บาร์โค้ด สถานที่ สถานะ
- ไม่พบข้อมูล -

รายการใกล้เคียง
    ผู้แต่ง [สุวิมล ติรกานันท์]

BibComment


ยังไม่เคยถูกคอมเมนท์

คอมเมนท์ทรัพยากรรายการนี้
  คอมเมนท์: การสร้างเครื่องมื..


 Copyright 2026. Bcnsprnw @Library